| 000 | 00964nmm a2200289 a 4500 | ||
|---|---|---|---|
| 001 | ocm000786388 | ||
| 003 | TR-IsHL | ||
| 005 | 20201028143336.0 | ||
| 008 | 140402s2010 tu tur | ||
| 007 | cr cn | ||
| 035 |
_a786388 _b(N$T) |
||
| 050 | 0 | 4 |
_aBP75 _b.K46 2010 |
| 090 | 0 | 4 |
_aBP75 _b.K46 2010 |
| 100 | 1 | _aKandehlevî, M. Yusuf | |
| 245 | 1 | 0 |
_aAsr-ı saadet hutbeleri _h[electronic resource] / _cM. Yusuf Kandehlevî ; çeviren Abdülkerim Akbaba |
| 260 |
_aİstanbul : _bÖzgü Yayınları, _c2010 |
||
| 300 | _a151 p. | ||
| 650 | 4 | _aFelsefe, Psikoloji ve Din | |
| 650 | 4 | _aPhilosophy, Psychology and Religion | |
| 650 | 0 | _aMuhammad, Prophet, d. 632 | |
| 650 | 0 |
_aIslam _x History |
|
| 650 | 0 | _aHz. Muhammed, ö.632 | |
| 650 | 0 |
_aİslam _x Tarih |
|
| 650 | 7 |
_aRELIGION / Islam / General _2bisacsh |
|
| 700 | 1 | _aAkbaba, Abdülkerim | |
| 856 | 4 | 0 | _uhttp://search.ebscohost.com/login.aspx?direct=true&scope=site&db=e011xww&AN=786388 |
| 999 |
_c8847 _d8847 |
||